[Event "Torneo del Quarantennale B"]
[Site "Cirie' ITA"]
[Date "2013.04.27"]
[Round "2"]
[White "Bullita, Simone"]
[Black "Palma, Maria"]
[WhiteElo "1721"]
[BlackElo "1585"]
[Result "1-0"]
[PlyCount "65"]
[EventDate "2013.04.27"]

1. d4 d5 2. Nf3 Nf6 3. e3 c5 4. c3 e6 5. Bd3 Nc6 6.
Nbd2 Bd6 7. O-O O-O 8. dxc5 Bxc5 9. e4 e5 10. exd5 Nxd5 11. Nb3 Bb6 12. Qc2 h6
13. Qe2 Qf6 14. Qe4 g6 15. Qxd5 Rd8 16. Qb5 Bg4 17. Be4 Bxf3 18. Bxf3 h5 19.
Bxc6 bxc6 20. Qe2 Qg7 21. Be3 f6 22. Bxb6 axb6 23. Qc4+ Kh8 24. Qxc6 Rdb8 25.
h3 g5 26. Rad1 Ra7 27. Rd6 Rf7 28. Rfd1 h4 29. Rd8+ Rxd8 30. Rxd8+ Kh7 31. Qf3
Qg6 32. Qd3 g4 33. Rh8+ 1-0

[Event "Torneo del Quarantennale B"]
[Site "Cirie' ITA"]
[Date "2013.04.27"]
[Round "2"]
[White "Fassero, Fabrizio"]
[Black "Pane, Gabriele"]
[WhiteElo "1662"]
[BlackElo "1631"]
[Result "1/2-1/2"]
[PlyCount "39"]
[EventDate "2013.04.27"]

1. Nf3 e6 2. g3 d5 3. c4 c5 4. e3 Nf6 5. Bg2 Nc6 6.
b3 b6 7. Bb2 Bb7 8. O-O Be7 9. Nc3 O-O 10. cxd5 Nxd5 11. Nxd5 exd5 12. d4 Bf6
13. Qc1 Rc8 14. dxc5 Bxb2 15. Qxb2 bxc5 16. Rac1 Qb6 17. Rfd1 Ne7 18. Qc2 f6
19. Ne1 Rc7 20. Nd3 1/2-1/2

[Event "Torneo del Quarantennale B"]
[Site "Cirie' ITA"]
[Date "2013.04.27"]
[Round "2"]
[White "Gennaro, Isabella"]
[Black "Risso, Alessandro"]
[WhiteElo "1680"]
[BlackElo "1527"]
[Result "1-0"]
[PlyCount "101"]
[EventDate "2013.04.27"]

1. e4 c6 2. d4 d5 3. Nd2 dxe4 4. Nxe4 Nf6 5. Ng3 Qc7
6. Nf3 Bg4 7. Be2 Nbd7 8. O-O e6 9. h3 Bxf3 10. Bxf3 Bd6 11. Ne2 O-O-O 12. c3
e5 13. Qc2 g6 14. Bg5 h6 15. Bh4 Rde8 16. dxe5 Rxe5 17. Rad1 Rhe8 18. Bg3 R5e6
19. Nd4 Bxg3 20. Nxe6 Bh2+ 21. Kh1 Rxe6 22. g3 Bxg3 23. fxg3 Qxg3 24. Qg2 Qxg2+
25. Kxg2 Ne5 26. Rde1 Kd7 27. Bd1 Nd5 28. Bb3 Ke7 29. c4 Nb6 30. Rf4 g5 31. Rd4
f6 32. c5 Nd5 33. Bxd5 cxd5 34. Rxd5 Rc6 35. b4 b6 36. Rc1 Ke6 37. Rcd1 bxc5
38. bxc5 Nc4 39. Kf3 f5 40. R1d4 Ne5+ 41. Ke2 Nc4 42. Rd7 Rxc5 43. Rxa7 Ke5 44.
Rad7 f4 45. Kf3 Ne3 46. Re4+ Kf5 47. Rb4 h5 48. a4 g4+ 49. hxg4+ hxg4+ 50. Ke2
g3 51. Rf7+ 1-0

[Event "Torneo del Quarantennale B"]
[Site "Cirie' ITA"]
[Date "2013.04.27"]
[Round "2"]
[White "Gussone, Claudio"]
[Black "Lo Curto, Andrea"]
[WhiteElo "1815"]
[BlackElo "1589"]
[Result "1/2-1/2"]
[PlyCount "104"]
[EventDate "2013.04.27"]

1. Nf3 d5 2. g3 c5 3. Bg2 Nc6 4. d4 Bg4 5. c3 e6 6.
O-O Bxf3 7. Bxf3 Nf6 8. Bg5 c4 9. Nd2 Be7 10. Qc2 h6 11. Bxf6 Bxf6 12. e4 Qd7
13. Rfe1 O-O 14. e5 Be7 15. Bg4 g6 16. Nf1 h5 17. Bh3 b5 18. Ne3 b4 19. Ng2 Bg5
20. f4 Bh6 21. Nh4 bxc3 22. bxc3 Ne7 23. Re2 a5 24. a4 Rab8 25. Ra2 Rb3 26. Nf3
Rfb8 27. Nd2 R3b6 28. Re1 Qb7 29. Kf2 Rb2 30. Rxb2 Qxb2 31. Rc1 Qxc2 32. Rxc2
Bf8 33. Kf3 Kh7 34. g4 Ng8 35. f5 hxg4+ 36. Bxg4 exf5 37. Bh3 Nh6 38. Kf4 Ba3
39. Nf3 Rb2 40. Rd2 Rxd2 41. Nxd2 Bc1 42. Ke3 g5 43. Ke2 Bxd2 44. Kxd2 Ng8 45.
Bxf5+ Kh6 46. Bg4 Kg6 47. Ke3 f5 48. exf6 Nxf6 49. Be6 Kh5 50. h3 Kh4 51. Kf3
Kh5 52. Bf7+ Kh4 1/2-1/2

[Event "Torneo del Quarantennale B"]
[Site "Cirie' ITA"]
[Date "2013.04.27"]
[Round "2"]
[White "Nastro, Federico"]
[Black "Villa, Alessandro"]
[WhiteElo "1778"]
[BlackElo "1671"]
[Result "1/2-1/2"]
[PlyCount "108"]
[EventDate "2013.04.27"]

1. e4 e5 2. Nf3 Nc6 3. Nc3 Nf6 4. d4 exd4 5. Nxd4
Bb4 6. Bb5 O-O 7. O-O Bxc3 8. bxc3 Nxe4 9. Bd3 Nf6 10. Nxc6 dxc6 11. c4 Bg4 12.
Qd2 Bh5 13. Rb1 b6 14. f4 Qd4+ 15. Kh1 Ne4 16. Qe1 f5 17. Bb2 Qd6 18. Be5 Qd7
19. Bxe4 fxe4 20. Qxe4 Rad8 21. c5 Qd5 22. Qxd5+ Rxd5 23. Bxc7 bxc5 24. Ba5 c4
25. Bc3 Bg6 26. Rbc1 Re8 27. Rf2 Red8 28. h3 Rd1+ 29. Rxd1 Rxd1+ 30. Kh2 Rd5
31. g4 Bf7 32. f5 Rb5 33. f6 gxf6 34. Rxf6 Bd5 35. Rd6 Rb7 36. Kg3 Rf7 37. Rd8+
Rf8 38. Rxf8+ Kxf8 39. Bd4 c3 40. a3 Be4 41. Bxa7 Bxc2 42. Bd4 Ke7 43. Bxc3 Kd6
44. Kf4 Kc5 45. h4 Kc4 46. Bd2 Kb3 47. Bc1 Ka2 48. Ke5 Kb3 49. g5 c5 50. h5 c4
51. Kf6 c3 52. g6 hxg6 53. hxg6 Bxg6 54. Kxg6 Kc2 1/2-1/2

[Event "Torneo del Quarantennale B"]
[Site "Cirie' ITA"]
[Date "2013.04.27"]
[Round "2"]
[White "Parise, Mariano"]
[Black "Macario, Marco"]
[WhiteElo "1640"]
[BlackElo "1842"]
[Result "0-1"]
[PlyCount "66"]
[EventDate "2013.04.27"]

1. d4 Nf6 2. c4 e6 3. Nc3 Bb4 4. Qd3 d5 5. c5 c6 6. a3 Qa5 7. Bd2 Nbd7 8. Nf3
Bxc3 9. Bxc3 Qc7 10. b4 Ne4 11. Bb2 b6 12. cxb6 axb6 13. Rc1 O-O 14. e3 Bb7 15.
Qc2 Qd6 16. Bd3 f5 17. Ne5 Rfc8 18. f3 Nef6 19. O-O c5 20. Nxd7 Nxd7 21. dxc5
bxc5 22. Qc3 Qe7 23. bxc5 Nxc5 24. Qb4 Ra4 25. Qd2 Nxd3 26. Rxc8+ Bxc8 27. Qxd3
Ba6 28. Qb3 Rc4 29. Qb6 Bc8 30. Ra1 Rc2 31. Be5 Qg5 32. g3 Qh5 33. Qa7 Qxh2+
0-1

[Event "Torneo del Quarantennale B"]
[Site "Cirie' ITA"]
[Date "2013.04.27"]
[Round "2"]
[White "Pedoni, Lorenzo"]
[Black "Listello, Massimiliano"]
[WhiteElo "1614"]
[BlackElo "1777"]
[Result "1/2-1/2"]
[PlyCount "37"]
[EventDate "2013.04.27"]

1. e4 e5 2. Nf3 Nc6 3. Nc3 Nf6 4. d4 exd4 5. Nxd4
Bc5 6. Nxc6 bxc6 7. Bd3 h6 8. O-O O-O 9. e5 Nh7 10. Re1 d5 11. exd6 cxd6 12.
Na4 Bb6 13. Nxb6 axb6 14. c4 Nf6 15. Be3 c5 16. h3 Be6 17. b3 Qd7 18. Qf3 d5
19. Bxh6 1/2-1/2

[Event "Torneo del Quarantennale B"]
[Site "Cirie' ITA"]
[Date "2013.04.27"]
[Round "2"]
[White "Trovero, Leo"]
[Black "Gallo, Ivan"]
[WhiteElo "1637"]
[BlackElo "1732"]
[Result "0-1"]
[PlyCount "40"]
[EventDate "2013.04.27"]

1. e4 Nf6 2. Nc3 e5 3. Nf3 Bb4 4. a3 Bxc3 5. dxc3
O-O 6. Bd3 d5 7. exd5 e4 8. Bxe4 Nxe4 9. O-O Bg4 10. Re1 Nf6 11. c4 Qd6 12. b4
Nbd7 13. Bb2 Rfe8 14. Qd3 Qf4 15. Nd4 Ne5 16. Qb3 Bh5 17. h3 Ne4 18. f3 Nd2 19.
Ne2 Nexf3+ 20. gxf3 Qg5+ 0-1

[Event "Torneo del Quarantennale B"]
[Site "Cirie' ITA"]
[Date "2013.04.28"]
[Round "3"]
[White "Doromeychuk, Anton"]
[Black "Gussone, Claudio"]
[WhiteElo "1779"]
[BlackElo "1815"]
[Result "1-0"]
[PlyCount "53"]
[EventDate "2013.04.27"]

1. d4 Nf6 2. c4 g6 3. Nc3 Bg7 4. e4 d6 5. Nge2 c6 6.
Ng3 O-O 7. Be2 e5 8. Be3 Na6 9. Qd2 Qe7 10. h4 h5 11. O-O-O Bd7 12. f4 Ng4 13.
dxe5 dxe5 14. f5 Nxe3 15. Qxe3 Rfd8 16. Rdf1 Nc7 17. Bxh5 gxh5 18. Nxh5 Qf8 19.
g4 f6 20. g5 Ne8 21. Nxg7 Nxg7 22. h5 Kh8 23. g6 Ne8 24. Rfg1 Bc8 25. h6 Qe7
26. g7+ Kh7 27. g8=Q# 1-0

[Event "Torneo del Quarantennale B"]
[Site "Cirie' ITA"]
[Date "2013.04.28"]
[Round "3"]
[White "Gallo, Ivan"]
[Black "Pane, Gabriele"]
[WhiteElo "1732"]
[BlackElo "1631"]
[Result "1-0"]
[PlyCount "71"]
[EventDate "2013.04.27"]

1. e4 e6 2. d4 d5 3. exd5 exd5 4. c4 Bb4+ 5. Nc3 Ne7
6. Bd3 Nbc6 7. Nge2 O-O 8. O-O Be6 9. Nf4 Nxd4 10. Bxh7+ Kxh7 11. Qxd4 Nf5 12.
Qd3 dxc4 13. Qe4 Qd4 14. Nxe6 fxe6 15. Qxb7 Bd6 16. Qe4 Rae8 17. Qxd4 Nxd4 18.
Bd2 Rf7 19. Ne4 Kg8 20. f3 Rb8 21. Rab1 Ne2+ 22. Kh1 Nf4 23. Bxf4 Rxf4 24. Rfc1
Rb4 25. a3 Ra4 26. Re1 e5 27. Kg1 Kf7 28. g3 Rf5 29. h4 Kg6 30. Kg2 Ra6 31. Re3
Rb6 32. Rc3 Rb3 33. Rxb3 cxb3 34. Rd1 Bf8 35. Rd7 Rf7 36. h5+ 1-0

[Event "Torneo del Quarantennale B"]
[Site "Cirie' ITA"]
[Date "2013.04.28"]
[Round "3"]
[White "Gennaro, Isabella"]
[Black "Bullita, Simone"]
[WhiteElo "1680"]
[BlackElo "1721"]
[Result "1-0"]
[PlyCount "117"]
[EventDate "2013.04.27"]

1. e4 e6 2. d4 d5 3. Nd2 dxe4 4. Nxe4 Nd7 5. Nf3
Ngf6 6. Ng3 Bd6 7. Bd3 b6 8. Bd2 Bb7 9. Qe2 O-O 10. O-O-O c5 11. Ne4 Nxe4 12.
Bxe4 Bxe4 13. Qxe4 Nf6 14. Qh4 Qc7 15. Bh6 Be7 16. Bf4 Qc6 17. Qh3 Rac8 18. Ne5
Qa4 19. Qb3 Qxb3 20. axb3 cxd4 21. Nf3 Rfd8 22. Be5 d3 23. c3 Ne4 24. Rhf1 Bc5
25. Bg3 Nxg3 26. hxg3 f6 27. Ne1 d2+ 28. Rxd2 Rxd2 29. Kxd2 Rd8+ 30. Kc2 Kf7
31. Nd3 Bd6 32. f4 h6 33. g4 f5 34. gxf5 exf5 35. Re1 g5 36. Rf1 Kf6 37. b4 Re8
38. Kd2 Re4 39. fxg5+ hxg5 40. Rf3 Rg4 41. Rf2 Re4 42. b3 g4 43. Re2 Rxe2+ 44.
Kxe2 f4 45. Nf2 Kf5 46. Kd3 g3 47. Ne4 f3 48. Nxd6+ Ke6 49. Ne4 fxg2 50. Ng5+
Kf5 51. Nf3 Kf4 52. Ng1 a6 53. c4 Ke5 54. Ke3 a5 55. Nf3+ Kd6 56. bxa5 bxa5 57.
Kd4 Kc6 58. Ng1 Kb6 59. Kd5 1-0

[Event "Torneo del Quarantennale B"]
[Site "Cirie' ITA"]
[Date "2013.04.28"]
[Round "3"]
[White "Listello, Massimiliano"]
[Black "Nastro, Federico"]
[WhiteElo "1777"]
[BlackElo "1778"]
[Result "0-1"]
[PlyCount "106"]
[EventDate "2013.04.27"]

1. e4 e5 2. Nf3 Nc6 3. Bb5 a6 4. Ba4 b5 5. Bb3 Nf6
6. d3 Be7 7. O-O O-O 8. c3 d6 9. Nbd2 Na5 10. Bc2 c5 11. Re1 Qc7 12. Nf1 Rd8
13. Ne3 Nc6 14. a4 Bb7 15. Nf5 h6 16. h3 Bf8 17. Nh2 d5 18. Qf3 dxe4 19. dxe4
Ne8 20. Qg3 Kh8 21. f4 g6 22. axb5 axb5 23. Rxa8 Bxa8 24. fxe5 gxf5 25. exf5 f6
26. Bf4 Qg7 27. Qxg7+ Bxg7 28. e6 Ne7 29. Be3 c4 30. Bc5 Rd2 31. Be4 Bxe4 32.
Rxe4 Nxf5 33. Ba3 Kg8 34. Nf3 Rd5 35. g4 Nfd6 36. Re2 Bf8 37. Nd4 Re5 38. Rd2
Ne4 39. Rd1 Bxa3 40. bxa3 Nxc3 41. Rd2 Ne4 42. Rd1 c3 43. Nf5 Rxe6 44. Nxh6+
Kg7 45. Nf5+ Kg6 46. Nh4+ Kg5 47. Nf3+ Kf4 48. Nd4 Re5 49. Ne2+ Ke3 50. Nc1 c2
51. Rd3+ Kf4 52. Rb3 Nd2 53. Nd3+ Ke4 0-1

[Event "Torneo del Quarantennale B"]
[Site "Cirie' ITA"]
[Date "2013.04.28"]
[Round "3"]
[White "Lo Curto, Andrea"]
[Black "Casarin, Renato"]
[WhiteElo "1589"]
[BlackElo "1698"]
[Result "1-0"]
[PlyCount "93"]
[EventDate "2013.04.27"]

1. e4 e6 2. Nf3 d5 3. exd5 exd5 4. d4 Be7 5. c4 c6
6. Nc3 Be6 7. Qb3 b6 8. Bf4 Nf6 9. Ne5 O-O 10. Bd3 Ne4 11. cxd5 Bxd5 12. Nxd5
Qxd5 13. Qxd5 cxd5 14. Bxe4 dxe4 15. O-O Rd8 16. Rad1 f6 17. Nc4 Nc6 18. d5 Nb4
19. d6 Bf8 20. Rfe1 Kf7 21. Rxe4 Re8
22. Rxe8 Rxe8 23. d7 Rd8 24. Bc7 Be7 25. Bxd8 Bxd8 26. Nd6+ Ke7 27. Nb7 Nc6 28.
Nxd8 Kxd8 29. f4 Nb8 30. Kf2 Nxd7 31. Ke3 Ke7 32. b4 f5 33. a4 Nf6 34. h3 g6
35. b5 Ne4 36. Rc1 Nc5 37. a5 Kd7 38. Rd1+ Kc7 39. axb6+ axb6 40. Kd4 Kd6 41.
Kc4+ Ke6 42. Ra1 h6 43. Ra7 Nd7 44. Rxd7 Kxd7 45. Kd5 g5 46. g3 g4 47. h4 1-0

[Event "Torneo del Quarantennale B"]
[Site "Cirie' ITA"]
[Date "2013.04.28"]
[Round "3"]
[White "Macario, Marco"]
[Black "Pedoni, Lorenzo"]
[WhiteElo "1842"]
[BlackElo "1614"]
[Result "1-0"]
[PlyCount "103"]
[EventDate "2013.04.27"]

1. e4 c5 2. Nc3 Nc6 3. Bb5 e6 4. Nge2 Nge7 5. O-O
a6 6. Bxc6 Nxc6 7. d3 Be7 8. f4 O-O 9. Ng3 d5 10. Nce2 b5 11. a3 dxe4 12. Nxe4
Nd4 13. Be3 Nxe2+ 14. Qxe2 Bf6 15. c3 Be7 16. Bxc5 Bxc5+ 17. Nxc5 Qd5 18. d4
Rb8 19. Qe5 Qxe5 20. fxe5 Rd8 21. Rf4 Bb7 22. Raf1 a5 23. Rxf7 Bd5 24. Ra7 b4
25. axb4 axb4 26. cxb4 Rxb4 27. Rff7 Rxb2 28. Rxg7+ Kf8 29. Rg3 Rb1+ 30. Kf2
Bc4 31. Nd7+ Rxd7 32. Rxd7 Rb2+ 33. Ke3 Re2+ 34. Kf4 Rf2+ 35. Rf3 Rxg2 36. Rxh7
Bd5 37. Rg3 Ra2 38. Rc3 Rf2+ 39. Kg3 Rg2+ 40. Kh3 Kg8 41. Ra7 Rg7 42. Rxg7+
Kxg7 43. Kg4 Kh6 44. Kf4 Bg2 45. Rg3 Bd5 46. Ke3 Kh5 47. Kd2 Kh4 48. Kc3 Kh5
49. Kb4 Kh4 50. Kc5 Kh5 51. Kd6 Kh4 52. Rg6 1-0

[Event "Torneo del Quarantennale B"]
[Site "Cirie' ITA"]
[Date "2013.04.28"]
[Round "3"]
[White "Palma, Maria"]
[Black "Fassero, Fabrizio"]
[WhiteElo "1585"]
[BlackElo "1662"]
[Result "1/2-1/2"]
[PlyCount "71"]
[EventDate "2013.04.27"]

1. e4 e6 2. d4 d5 3. Nc3 Nf6 4. Bg5 dxe4 5. Nxe4 Be7
6. f3 Nbd7 7. Bc4 O-O 8. Ne2 h6 9. Be3 Nb6 10. Bb3 Nbd5 11. Bf2 a5 12. a3 b5
13. O-O Bb7 14. N2c3 Qc8 15. Nxf6+ Bxf6 16. Ne4 Be7 17. Re1 Nb6 18. Qd2 Rd8 19.
Qf4 Bd5 20. Bxd5 Nxd5 21. Qd2 Nb6 22. Qc3 Nc4 23. a4 Bb4 24. Qb3 Bxe1 25. Rxe1
Nd6 26. Nxd6 Rxd6 27. axb5 Rb8 28. Ra1 c6 29. Bg3 Rxb5 30. Qc3 Rdd5 31. b3 Qd7
32. Bf2 Qb7 33. Ra4 e5 34. Rc4 exd4 35. Bxd4 c5 36. Bxg7 1/2-1/2

[Event "Torneo del Quarantennale B"]
[Site "Cirie' ITA"]
[Date "2013.04.28"]
[Round "3"]
[White "Trovero, Leo"]
[Black "Parise, Mariano"]
[WhiteElo "1637"]
[BlackElo "1640"]
[Result "1/2-1/2"]
[PlyCount "156"]
[EventDate "2013.04.27"]

1. e4 e6 2. Qe2 d5 3. exd5 Qxd5 4. Nc3 Qd8 5. Nf3
Nf6 6. g3 b6 7. Bg2 Bb7 8. O-O Be7 9. Re1 O-O 10. b3 c5 11. Bb2 Nbd7 12. Rad1
Qc7 13. Nb5 Qb8 14. Na3 Nd5 15. Nc4 Bf6 16. Bxf6 N7xf6 17. Nce5 Nb4 18. c3 Nc6
19. d4 cxd4 20. Nxc6 Bxc6 21. Rxd4 Qb7 22. Nh4 Bxg2 23. Nxg2 Rfd8 24. Red1 Rd5
25. Ne3 Rxd4 26. Rxd4 Ne4 27. Qd3 f5 28. Rd7 Qc8 29. Qd4 Qf8 30. b4 Qf6 31.
Qxf6 Nxf6 32. Re7 Ne4 33. c4 Ng5 34. h4 Kf8 35. Rc7 Nf3+ 36. Kf1 Nd4 37. c5
bxc5 38. bxc5 Nb5 39. Rb7 Nd4 40. Nc4 Nc6 41. Rc7 Ne7 42. Nd6 a5 43. Rb7 g6 44.
Ke2 Ra6 45. Rb8+ Kg7 46. Rb6 Ra7 47. c6 Kf6 48. Nb5 Nd5 49. Nxa7 Nxb6 50. c7
Ke7 51. c8=Q Nxc8 52. Nxc8+ Kd7 53. Nb6+ Kc6 54. Nc4 Kb5 55. Kd3 Kb4 56. a3+
Kb5 57. Kc3 Ka4 58. Kb2 Kb5 59. Ne5 Kc5 60. Kc3 Kd5 61. Nc4 a4 62. Nb6+ Ke4 63.
Kd2 Kf3 64. Ke1 e5 65. Nxa4 h6 66. Nc3 g5 67. hxg5 hxg5 68. a4 Kg2 69. a5 f4
70. gxf4 exf4 71. a6 g4 72. Ne4 Kf3 73. a7 Kxe4 74. a8=Q+ Kf5 75. Qg2 Kg5 76.
Ke2 f3+ 77. Kf1 fxg2+ 78. Kxg2 Kf4 1/2-1/2

[Event "Torneo del Quarantennale B"]
[Site "Cirie' ITA"]
[Date "2013.04.28"]
[Round "3"]
[White "Villa, Alessandro"]
[Black "Borghi, Dario"]
[WhiteElo "1671"]
[BlackElo "1747"]
[Result "1/2-1/2"]
[PlyCount "81"]
[EventDate "2013.04.27"]

1. e4 e5 2. Nf3 Nc6 3. Bb5 a6 4. Ba4 b5 5. Bb3 Nf6
6. O-O Bc5 7. d3 O-O 8. c3 Ba7 9. Bg5 h6 10. Bxf6 Qxf6 11. Nbd2 Ne7 12. Re1 d6
13. h3 c6 14. Nf1 Ng6 15. Ng3 Nh4 16. d4 Nxf3+ 17. Qxf3 Qxf3 18. gxf3 Bxh3 19.
Kh2 Bc8 20. Rad1 Re8 21. Rg1 Kf8 22. Rg2 g6 23. Ne2 Be6 24. d5 cxd5 25. Bxd5
Bxd5 26. Rxd5 Rad8 27. Kg3 Re6 28. Nc1 f5 29. Nd3 f4+ 30. Kg4 Ra8 31. Rh2 Kg7
32. Kh3 Bb6 33. Kg2 g5 34. Rh1 Kg6 35. Rh2 h5 36. Rh1 Kh6 37. Rh2 Bc7 38. Rh1
Rg6 39. a3 h4 40. Kh3 Kh5 41. Rg1 1/2-1/2

[Event "Torneo del Quarantennale B"]
[Site "Cirie' ITA"]
[Date "2013.04.29"]
[Round "4"]
[White "Borghi, Dario"]
[Black "Gallo, Ivan"]
[WhiteElo "1747"]
[BlackElo "1732"]
[Result "1-0"]
[PlyCount "45"]
[EventDate "2013.04.27"]

1. c4 c6 2. Nf3 d5 3. b3 e6 4. Bb2 Nf6 5. g3 Be7 6.
Bg2 Qb6 7. Qc2 O-O 8. O-O h6 9. d3 a5 10. Nc3 Na6 11. Na4 Qd8 12. Ne5 Bd7 13.
c5 Rb8 14. d4 Be8 15. Qd2 Ne4 16. Bxe4 dxe4 17. Qc3 Nb4 18. Nb6 Nd5 19. Qxa5
Ra8 20. Qxa8 Nxb6 21. Qxd8 Bxd8 22. cxb6 Bxb6 23. Ba3 1-0

[Event "Torneo del Quarantennale B"]
[Site "Cirie' ITA"]
[Date "2013.04.29"]
[Round "4"]
[White "Bullita, Simone"]
[Black "Macario, Marco"]
[WhiteElo "1721"]
[BlackElo "1842"]
[Result "1-0"]
[PlyCount "93"]
[EventDate "2013.04.27"]

1. d4 Nf6 2. Nf3 g6 3. Nbd2 Bg7 4. e4 d6 5. Bd3 Nc6
6. c3 e5 7. dxe5 dxe5 8. Bb5 Bd7 9. Bxc6 Bxc6 10. Nxe5 Qd6 11. Nxc6 Qxc6 12.
O-O O-O-O 13. Qf3 Bh6 14. Qh3+ Ng4 15. Qxg4+ f5 16. exf5 Bxd2 17. Bxd2 Rxd2 18.
fxg6+ Kb8 19. g7 Rg8 20. Qf4 Rdd8 21. Rad1 Rc8 22. Qd4 Qg6 23. Rd3 Qxg7 24.
Qxg7 Rxg7 25. Rfd1 Re7 26. Kf1 c5 27. Rd8 Rxd8 28. Rxd8+ Kc7 29. Rd3 b5 30. f3
Kc6 31. Kf2 a5 32. f4 a4 33. g4 c4 34. Rd2 a3 35. bxa3 Ra7 36. Ke3 Kc5 37. a4
Rxa4 38. f5 Ra3 39. Rc2 Kd5 40. Kf4 Kc5 41. f6 b4 42. cxb4+ Kxb4 43. f7 Ra8 44.
Kf5 c3 45. Kf6 Kc4 46. Kg7 Kd3 47. Rxc3+ 1-0

[Event "Torneo del Quarantennale B"]
[Site "Cirie' ITA"]
[Date "2013.04.29"]
[Round "4"]
[White "Fassero, Fabrizio"]
[Black "Villa, Alessandro"]
[WhiteElo "1662"]
[BlackElo "1671"]
[Result "1/2-1/2"]
[PlyCount "63"]
[EventDate "2013.04.27"]

1. Nf3 Nf6 2. g3 g6 3. b3 Bg7 4. Bb2 O-O 5. Bg2 d5
6. c4 e6 7. O-O b6 8. Qc2 Bb7 9. d4 Nbd7 10. e3 Rc8 11. Nc3 Re8 12. Rfd1 a6 13.
Ne5 c6 14. f4 Nxe5 15. fxe5 Ng4 16. Qe2 h5 17. h3 Nh6 18. Rf1 Qg5 19. Rf3 Nf5
20. Qf2 c5 21. Bc1 Nh6 22. e4 Qe7 23. exd5 exd5 24. Nxd5 Bxd5 25. cxd5 cxd4 26.
d6 Qxe5 27. d7 Rxc1+ 28. Rxc1 Rd8 29. Re1 Qb8 30. Re8+ Rxe8 31. dxe8=Q+ Qxe8
32. Rd3 1/2-1/2

[Event "Torneo del Quarantennale B"]
[Site "Cirie' ITA"]
[Date "2013.04.29"]
[Round "4"]
[White "Gussone, Claudio"]
[Black "Trovero, Leo"]
[WhiteElo "1815"]
[BlackElo "1637"]
[Result "0-1"]
[PlyCount "110"]
[EventDate "2013.04.27"]

1. Nf3 d5 2. g3 Nf6 3. Bg2 c6 4. d3 Nbd7 5. O-O e5
6. Nbd2 Bc5 7. e4 O-O 8. Qe2 Re8 9. c3 Bb6 10. c4 Bc7 11. b4 a6 12. Nb3 Qe7 13.
a3 Nf8 14. Bg5 d4 15. h3 Ne6 16. Bd2 b6 17. Nh4 g6 18. f4 exf4 19. e5 Nd7 20.
Bxc6 Rb8 21. Bxd7 Bxd7 22. Bxf4 Nxf4 23. Rxf4 Bxe5 24. Re4 Bc6 25. Rg4 Bd7 26.
Re4 f5 27. Rxe5 Qxe5 28. Qxe5 Rxe5 29. Kf2 Re3 30. Rd1 Rbe8 31. Nxd4 Kf7 32.
Ng2 R3e7 33. Nf4 Ba4 34. Rd2 Rd7 35. Nf3 Bc6 36. d4 Bxf3 37. Kxf3 Re4 38. Nd5
b5 39. Nb6 Rdxd4 40. Rxd4 Rxd4 41. c5 Ke6 42. Ke3 Re4+ 43. Kd3 Re1 44. Na8 Kd7
45. Nb6+ Kc6 46. Nc8 Kc7 47. Nd6 Ra1 48. Ne8+ Kb8 49. Kd4 Rd1+ 50. Kc3 Rg1 51.
Kd4 Rxg3 52. Kd5 f4 53. Kc6 f3 54. Kb6 f2 55. c6 Rc3 0-1

[Event "Torneo del Quarantennale B"]
[Site "Cirie' ITA"]
[Date "2013.04.29"]
[Round "4"]
[White "Nastro, Federico"]
[Black "Gennaro, Isabella"]
[WhiteElo "1778"]
[BlackElo "1680"]
[Result "1-0"]
[PlyCount "57"]
[EventDate "2013.04.27"]

1. e4 c5 2. Nf3 Nc6 3. d4 cxd4 4. Nxd4 Nf6 5. Nc3 e5
6. Ndb5 d6 7. Bg5 a6 8. Na3 b5 9. Bxf6 gxf6 10. Nd5 f5 11. exf5 Bxf5 12. Qf3
Nd4 13. Nc7+ Ke7 14. Qxa8 Qxc7 15. Qxa6 b4 16. Nb5 Nxc2+ 17. Kd1 Qc5 18. Qb7+
Kf6 19. Rb1 Qxf2 20. Be2 Ne3+ 21. Kd2 Bg4 22. Rbf1 Nxf1+ 23. Rxf1 Bh6+ 24. Kc2
Bf5+ 25. Kd1 Qc5 26. Rxf5+ Kxf5 27. Qxf7+ Kg5 28. Qh5+ Kf6 29. Qxh6+ 1-0

[Event "Torneo del Quarantennale B"]
[Site "Cirie' ITA"]
[Date "2013.04.29"]
[Round "4"]
[White "Palma, Maria"]
[Black "Doromeychuk, Anton"]
[WhiteElo "1585"]
[BlackElo "1779"]
[Result "0-1"]
[PlyCount "142"]
[EventDate "2013.04.27"]

1. e4 d6 2. d4 Nf6 3. Nc3 g6 4. Nf3 Bg7 5. Be2 c6 6. O-O O-O 7. Be3 b5 8. a3 a6
9. h3 Bb7 10. Qd2 Nbd7 11. Rad1 Qc7 12. Bh6 c5 13. Bxg7 Kxg7 14. dxc5 Qxc5 15.
Qd4 Rac8 16. Rfe1 Rfd8 17. Qxc5 Nxc5 18. Bd3 Nxd3 19. Rxd3 e6 20. Re2 Kf8 21.
e5 Nh5 22. g3 Bxf3 23. Rxf3 dxe5 24. Kf1 Ke7 25. Rxe5 Nf6 26. Re2 Ne8 27. Ne4
h6 28. Ke1 f5 29. Nc3 Kf6 30. Ne4+ Kf7 31. Rd2 Rxd2 32. Kxd2 Ke7 33. Nc3 Rd8+
34. Rd3 Nd6 35. b3 Rc8 36. Re3 Kf6 37. f3 g5 38. f4 a5 39. Rd3 Rc6 40. b4 Nc4+
41. Kc1 Nxa3 42. Nd5+ exd5 43. Rxa3 axb4 44. Rd3 Rc3 45. Rxd5 Rxg3 46. Rxb5
gxf4 47. Rxb4 f3 48. Kd2 Rxh3 49. Ke3 Kg5 50. c4 f4+ 51. Kf2 Kg4 52. Rb8 Rh2+
53. Kf1 Rc2 54. Rc8 f2 55. Kg2 f1=Q+ 56. Kxf1 Kf3 57. Ke1 h5 58. Rh8 Rxc4 59.
Rxh5 Rc1+ 60. Kd2 Ra1 61. Rh8 Kf2 62. Rf8 f3 63. Rg8 Ra7 64. Rd8 Rg7 65. Rf8
Rd7+ 66. Kc2 Ke2 67. Re8+ Kf1 68. Rf8 f2 69. Rf6 Rg7 70. Kd2 Kg2 71. Ke2 Re7+
0-1

[Event "Torneo del Quarantennale B"]
[Site "Cirie' ITA"]
[Date "2013.04.29"]
[Round "4"]
[White "Pane, Gabriele"]
[Black "Listello, Massimiliano"]
[WhiteElo "1631"]
[BlackElo "1777"]
[Result "1-0"]
[PlyCount "85"]
[EventDate "2013.04.27"]

1. d4 d5 2. c4 e5 3. dxe5 d4 4. Nf3 Nc6 5. g3 Nge7
6. Bg2 Ng6 7. Qb3 Be7 8. Na3 O-O 9. Nc2 Ngxe5 10. Nxe5 Nxe5 11. O-O Bf5 12. Rd1
c5 13. Ne1 Rb8 14. Bf4 Bd6 15. Nf3 f6 16. Nxd4 cxd4 17. c5+ Kh8 18. Rxd4 Bxc5
19. Rxd8 Rfxd8 20. Rd1 b6 21. Rd5 Re8 22. Qc3 Be6 23. Bxe5 fxe5 24. Rxe5 Bxa2
25. b4 Bf8 26. Qc7 Rbc8 27. Rxe8 Rxe8 28. e3 Re7 29. Qd8 Kg8 30. Bd5+ Bxd5 31.
Qxd5+ Rf7 32. b5 g6 33. f4 Bc5 34. Kf2 Kg7 35. Kf3 h6 36. e4 Re7 37. g4 Rf7 38.
f5 h5 39. Qe5+ Kh7 40. g5 Kg8 41. Qe8+ Bf8 42. f6 h4 43. e5 1-0

[Event "Torneo del Quarantennale B"]
[Site "Cirie' ITA"]
[Date "2013.04.29"]
[Round "4"]
[White "Pedoni, Lorenzo"]
[Black "Lo Curto, Andrea"]
[WhiteElo "1614"]
[BlackElo "1589"]
[Result "1-0"]
[PlyCount "95"]
[EventDate "2013.04.27"]

1. e4 e6 2. d4 d5 3. Nc3 Bb4 4. e5 c5 5. a3 Bxc3+ 6.
bxc3 c4 7. Qg4 g6 8. h4 Nc6 9. h5 Qa5 10. Bd2 Nge7 11. Nf3 Bd7 12. Ng5 h6 13.
hxg6 Nxg6 14. Nf3 O-O-O 15. Be2 Rdg8 16. O-O Ngxe5 17. Qh5 Nxf3+ 18. Bxf3 Nxd4
19. Qxf7 Nxf3+ 20. Qxf3 h5 21. Qf7 h4 22. Bh6 Qxc3 23. Rab1 b6 24. Be3 d4 25.
Qf3 dxe3 26. Qa8+ Kc7 27. Qxa7+ Kd6 28. Rfd1+ Ke5 29. Qxd7 exf2+ 30. Kf1 Rd8
31. Qg7+ Kf5 32. Qxc3 Rxd1+ 33. Rxd1 Rc8 34. Qf3+ Kg5 35. Qxf2 Rc5 36. Qe3+ Kf6
37. Rd6 Rf5+ 38. Kg1 Re5 39. Qxb6 Kf5 40. Qf2+ Kg6 41. Qxh4 c3 42. Qc4 Kf7 43.
Qxc3 Rf5 44. Qh3 Ke7 45. Qxf5 exf5 46. Rh6 f4 47. a4 f3 48. a5 1-0

[Event "Torneo del Quarantennale B"]
[Site "Cirie' ITA"]
[Date "2013.04.29"]
[Round "4"]
[White "Risso, Alessandro"]
[Black "Parise, Mariano"]
[WhiteElo "1527"]
[BlackElo "1640"]
[Result "1-0"]
[PlyCount "69"]
[EventDate "2013.04.27"]

1. e4 Nf6 2. e5 Nd5 3. Bc4 c6 4. Nc3 e6 5. d4 d6 6.
f4 dxe5 7. fxe5 Qh4+ 8. g3 Nxc3 9. Qf3 Qe4+ 10. Qxe4 Nxe4 11. Bd3 f5 12. Ne2 b6
13. O-O Bb7 14. Bxe4 fxe4 15. Nc3 c5 16. Nb5 Na6 17. Rxf8+ Kxf8 18. Be3 cxd4
19. Rf1+ Ke7 20. Bg5+ Kd7 21. Rf7+ Kc6 22. Nxd4+ Kd5 23. Rd7+ Kc5 24. Nxe6+ Kc6
25. Rd6+ Kb5 26. Nd4+ Kc4 27. Bd2 Bd5 28. Be3 Rad8 29. b3+ Kc3 30. Kf2 Rhf8+
31. Ke2 Rfe8 32. Kd1 Nc7 33. Kc1 Ne6 34. a3 Nxd4 35. Bd2# 1-0